[Event "AUTO-OPEN-1957"]
[Site "http://www.queenalice.com/game.php?id=766110"]
[Date "2010.4.25"]
[Round "1"]
[White "thw"]
[Black "GileCAR"]
[Result "0-1"]
[WhiteElo "1969"]
[BlackElo "1930"]

1. e4 d5 2. exd5 Qxd5 3. Nc3 Qa5 4. d4 Nf6 5. Nf3 Bf5 6. Bd3 Bxd3 7. Qxd3 e6 8.
Bd2 c6 9. O-O Nbd7 10. Ne4 Qc7 11. Rfe1 Bd6 12. Nxd6+ Qxd6 13. c4 O-O 14. a3 c5
15. Be3 e5 0-1

[Event "AUTO-OPEN-1957"]
[Site "http://www.queenalice.com/game.php?id=766111"]
[Date "2010.4.25"]
[Round "1"]
[White "GileCAR"]
[Black "thw"]
[Result "1-0"]
[WhiteElo "1948"]
[BlackElo "1951"]

1. e4 e6 2. d3 d5 3. Nd2 dxe4 4. dxe4 Nc6 5. g3 Nf6 6. Bg2 Bd6 7. Ne2 Bd7 8. O-O
Qe7 9. Nc4 Bc5 10. e5 Nd5 11. Nf4 Nxf4 12. Bxf4 O-O-O 13. Qf3 h5 14. c3 g5 15.
Be3 g4 16. Qe4 1-0

[Event "AUTO-OPEN-1957"]
[Site "http://www.queenalice.com/game.php?id=766132"]
[Date "2010.4.25"]
[Round "1"]
[White "GileCAR"]
[Black "goldenboy"]
[Result "1-0"]
[WhiteElo "1965"]
[BlackElo "2103"]

1. e4 e5 2. Nf3 Nc6 3. Bb5 Bc5 4. O-O d6 5. c3 Bg4 6. d4 exd4 7. cxd4 Bxf3 8.
gxf3 Bb4 9. d5 a6 10. Ba4 b5 11. dxc6 bxa4 12. Qxa4 Bc5 13. Nc3 Ne7 14. Bg5 h6
15. Be3 Bxe3 16. fxe3 Ng6 17. Nd5 Qg5+ 18. Kh1 Qd8 19. Qa5 Ra7 20. b4 Ne5 21. b5
Qb8 22. Rab1 Nc4 23. Qc3 Ne5 24. f4 Ng6 25. Qxg7 axb5 26. f5 1-0

[Event "AUTO-OPEN-1957"]
[Site "http://www.queenalice.com/game.php?id=766133"]
[Date "2010.4.25"]
[Round "1"]
[White "goldenboy"]
[Black "GileCAR"]
[Result "1-0"]
[WhiteElo "2037"]
[BlackElo "1953"]

1. e4 c5 2. f4 d6 3. Nf3 Nf6 4. e5 dxe5 5. fxe5 Nd5 6. d4 a6 7. c4 Nc7 8. d5 g6
9. Be2 Bg7 10. Nc3 O-O 11. Ne4 Nd7 12. d6 exd6 13. exd6 Ne6 14. O-O Ne5 15. Nxe5
Bxe5 16. Qd5 Bd4+ 17. Kh1 1-0

[Event "AUTO-OPEN-1957"]
[Site "http://www.queenalice.com/game.php?id=766134"]
[Date "2010.4.25"]
[Round "1"]
[White "GileCAR"]
[Black "amigo"]
[Result "1-0"]
[WhiteElo "2009"]
[BlackElo "1936"]

1. d4 d5 2. c4 e6 3. Nf3 Nf6 4. Nc3 Bb4 5. e3 O-O 6. Qc2 Nbd7 7. Bd3 c6 8. O-O
Bxc3 9. bxc3 h6 10. Nd2 b6 11. e4 dxe4 12. Nxe4 Nxe4 13. Bxe4 Bb7 14. Rd1 Qf6
15. Rd3 Rab8 16. Rf3 Qe7 17. Bf4 f5 18. Bxb8 Nxb8 19. Bd3 Nd7 20. Re3 Qf6 21.
Rae1 e5 22. dxe5 Qe6 23. f4 c5 24. Rg3 Rf7 25. Be2 Nf8 26. Rd1 Ng6 27. Bh5 Ne7
28. Rd6 Qc8 29. Bxf7+ Kxf7 30. Qd1 Bc6 31. e6+ Kf6 32. Qe2 Be4 33. Qd1 Qc7 34.
Qd2 a6 35. Rd7 Qc6 36. Qd6 Qxd6 37. Rxd6 b5 38. Rxa6 bxc4 39. a4 Nd5 40. e7+
Kxe7 41. Rxg7+ Kf8 42. Rb7 Nf6 43. Rxf6+ 1-0

[Event "AUTO-OPEN-1957"]
[Site "http://www.queenalice.com/game.php?id=766135"]
[Date "2010.4.25"]
[Round "1"]
[White "amigo"]
[Black "GileCAR"]
[Result "0-1"]
[WhiteElo "1859"]
[BlackElo "1999"]

1. e4 c5 2. Nf3 Nc6 3. Bb5 e6 4. O-O Nge7 5. c3 d5 6. exd5 Qxd5 7. Re1 a6 8.
Bxc6+ Nxc6 9. d4 Be7 10. Be3 O-O 11. Nbd2 cxd4 12. Nxd4 Nxd4 13. Bxd4 b5 14. Nf3
Bb7 15. Re5 Qc6 16. Rh5 Rad8 17. Qc2 g6 18. Rh3 Rxd4 19. Qc1 Rd5 20. Qh6 Rh5 21.
Rxh5 gxh5 22. Qxh5 Qd5 23. Qh3 Kh8 24. Nd4 Rg8 25. f3 Bf6 26. Rf1 Bxd4+ 27. cxd4
Qxd4+ 28. Kh1 Qxb2 29. Qh5 Qxg2# 0-1

[Event "AUTO-ADV-1742"]
[Site "http://www.queenalice.com/game.php?id=766394"]
[Date "2010.4.25"]
[Round "1"]
[White "kamarof"]
[Black "GileCAR"]
[Result "0-1"]
[WhiteElo "1829"]
[BlackElo "1964"]

1. e4 c5 2. Nf3 Nc6 3. d4 cxd4 4. Nxd4 Nf6 5. Nc3 d6 6. Bg5 e6 7. Bb5 Bd7 8.
Bxc6 bxc6 9. f4 Be7 10. Nf3 O-O 11. Qe2 Qb6 12. e5 Qxb2 13. O-O Qxc3 14. exf6
Bxf6 15. Bxf6 Qxf6 16. Ng5 d5 17. Rab1 Qd4+ 18. Rf2 Rab8 19. Rb3 h6 20. Nh3 Qa1+
21. Rf1 Qxa2 22. Rg3 Rb1 23. Qh5 Rxf1+ 24. Kxf1 Qb1+ 25. Ke2 Qxc2+ 26. Ke1 Qc1+
27. Ke2 c5 28. Qxh6 Bb5+ 29. Kf2 Qd2+ 30. Kf3 Qe2# 0-1

[Event "AUTO-ADV-1742"]
[Site "http://www.queenalice.com/game.php?id=766395"]
[Date "2010.4.25"]
[Round "1"]
[White "GileCAR"]
[Black "kamarof"]
[Result "1-0"]
[WhiteElo "1956"]
[BlackElo "1804"]

1. d4 Nf6 2. c4 g6 3. Nc3 Bg7 4. e4 d6 5. Nf3 O-O 6. Be2 e5 7. d5 Nbd7 8. b4 a6
9. Ba3 Re8 10. O-O Nh5 11. Rc1 b6 12. g3 Ndf6 13. c5 Bh3 14. Re1 Bf8 15. cxb6
cxb6 16. b5 a5 17. Na4 Nxe4 18. Rc6 Nhf6 19. Nxb6 Rb8 20. Na4 Bd7 21. b6 Ng4 22.
Rf1 Bxc6 23. dxc6 Rxb6 24. Nxb6 Qxb6 25. Qa4 Ngxf2 26. Kg2 Kg7 27. Bc4 Rc8 28.
Bd5 Nc3 29. Qb3 Qxb3 30. Bxb3 Nfe4 31. Nxe5 f5 32. Nc4 a4 33. Nb6 Rxc6 34. Nxa4
Nxa4 35. Bxa4 Ra6 36. Bb2+ Kf7 37. Bb3+ Ke7 38. Rd1 Bh6 39. Bc1 Nc3 40. Re1+ Kd8
41. Bxh6 1-0

[Event "AUTO-ADV-1742"]
[Site "http://www.queenalice.com/game.php?id=766408"]
[Date "2010.4.25"]
[Round "1"]
[White "maurice91"]
[Black "GileCAR"]
[Result "1-0"]
[WhiteElo "1671"]
[BlackElo "1975"]

1. d4 Nf6 2. c4 g6 3. Nc3 d5 4. Nf3 Bg7 5. h3 O-O 6. e3 c6 7. Be2 Nbd7 8. cxd5
cxd5 9. O-O a6 10. b3 b5 11. Bb2 Bb7 12. Nh2 e5 13. dxe5 Nxe5 14. Rc1 Ne4 15.
Rb1 Rc8 16. Nxe4 dxe4 17. f4 Nd3 18. Bxg7 Kxg7 19. Ng4 Qd5 20. Nf2 Rfd8 21. Nxd3
exd3 22. Bf3 Qd7 23. Bxb7 Qxb7 24. Rb2 Qe4 25. Re1 Rc3 26. Rd2 Rdc8 27. Qg4 Rc2
28. Rxc2 dxc2 29. Qxc8 Qd3 30. Qc5 Kh6 31. g4 Qd1 32. Qf8# 1-0

[Event "AUTO-ADV-1742"]
[Site "http://www.queenalice.com/game.php?id=766409"]
[Date "2010.4.25"]
[Round "1"]
[White "GileCAR"]
[Black "maurice91"]
[Result "1-0"]
[WhiteElo "1947"]
[BlackElo "1699"]

1. d4 d5 2. c4 c6 3. Nc3 e6 4. Nf3 Bb4 5. e3 Nf6 6. Bd3 Nbd7 7. O-O O-O 8. Qc2
dxc4 9. Bxc4 Nb6 10. Bd3 Be7 11. e4 h6 12. e5 Nfd5 13. a3 Bd7 14. Bd2 f5 15.
exf6 Nxf6 16. Ne4 Nbd5 17. Ne5 Nxe4 18. Bxe4 Nf6 19. Bf3 Nd5 20. Bxh6 Be8 21.
Be3 Bf6 22. Ng6 Bxg6 23. Qxg6 Qe8 24. Qe4 g6 25. Bg4 Nc7 26. Bh6 Bg7 27. Bxg7
Kxg7 28. Qe5+ Kg8 29. Qxc7 Rb8 30. Qe5 Kh7 31. Qxe6 Qd8 32. Rad1 Rf4 33. Rd3
Rxd4 34. Rh3+ Kg7 35. Qe5+ 1-0

[Event "AUTO-ADV-1742"]
[Site "http://www.queenalice.com/game.php?id=766416"]
[Date "2010.4.25"]
[Round "1"]
[White "Nille"]
[Black "GileCAR"]
[Result "0-1"]
[WhiteElo "1888"]
[BlackElo "1987"]

1. e4 c5 2. Nf3 Nc6 3. Bc4 e6 4. Nc3 Nf6 5. d3 d6 6. O-O Be7 7. h3 d5 8. exd5
exd5 9. Bb5 O-O 10. Bxc6 bxc6 11. Re1 Rb8 12. b3 h6 13. Ne5 Qc7 14. Nxc6 Qxc6
15. Rxe7 Rb7 16. Rxb7 Bxb7 17. Qf3 Re8 18. Bf4 Qd7 19. Bxh6 d4 20. Qg3 Nh5 21.
Qg5 dxc3 22. g4 Qc6 23. f3 Qxh6 24. Qxh6 gxh6 25. gxh5 Bxf3 26. Rf1 Re2 27. Rxf3
Rxc2 28. Rf6 Rd2 29. Rc6 c2 30. Rxc5 Rd1+ 31. Kf2 c1=Q 0-1

[Event "AUTO-ADV-1742"]
[Site "http://www.queenalice.com/game.php?id=766417"]
[Date "2010.4.25"]
[Round "1"]
[White "GileCAR"]
[Black "Nille"]
[Result "1-0"]
[WhiteElo "1940"]
[BlackElo "1935"]

1. e4 e5 2. Nf3 d6 3. d4 exd4 4. Nxd4 h6 5. Nc3 Nf6 6. Bc4 Be7 7. h3 a6 8. O-O
b5 9. Bd3 c5 10. Nf5 c4 11. Be2 O-O 12. Bf3 Bxf5 13. exf5 Ra7 14. Be3 Rd7 15.
Nd5 Nxd5 16. Bxd5 Bf6 17. Bd4 Re8 18. a4 Bxd4 19. Qxd4 Re5 20. axb5 Qf6 21. bxa6
Nxa6 22. Rxa6 Qxf5 23. Ra8+ Kh7 24. Bxc4 Qxc2 25. Bd3+ 1-0

[Event "AUTO-ADV-1742"]
[Site "http://www.queenalice.com/game.php?id=819270"]
[Date "2010.8.16"]
[Round "2"]
[White "nenem"]
[Black "GileCAR"]
[Result "0-1"]
[WhiteElo "1891"]
[BlackElo "1963"]

1. d4 d5 2. e3 Nf6 3. Bd3 c5 4. dxc5 Nc6 5. Ne2 e5 6. O-O Bxc5 7. Ng3 O-O 8. Nh5
e4 9. Nxf6+ Qxf6 10. Bb5 Be6 11. Bxc6 bxc6 12. Nd2 Qg6 13. Kh1 Bd6 14. f4 Bg4
15. Qe1 Qh5 16. Qg3 Rfe8 17. Nb3 Re6 18. Nd4 Rg6 19. Qf2 c5 20. g3 cxd4 21. exd4
Bf3+ 22. Kg1 Rh6 23. Be3 Rf6 24. Rac1 Qg4 25. c4 Be2 26. c5 Bc7 27. Rfe1 Bf3 28.
b4 Bxf4 29. Bxf4 Rxf4 30. c6 Rf6 31. c7 Rc8 32. Rc5 Qd7 33. Qc2 Bg4 34. b5 Bh3
35. a4 h5 36. a5 h4 37. b6 axb6 38. axb6 Rxb6 39. Rc1 hxg3 40. hxg3 Rg6 41. Qf2
Rf6 42. Qe2 Rf3 43. Kh2 Qg4 44. Rg1 Qh5 45. Rg2 Bxg2+ 46. Kxg2 Rxg3+ 47. Kxg3
Qxe2 48. Rxd5 Rxc7 0-1

[Event "AUTO-ADV-1742"]
[Site "http://www.queenalice.com/game.php?id=819271"]
[Date "2010.8.16"]
[Round "2"]
[White "GileCAR"]
[Black "nenem"]
[Result "1-0"]
[WhiteElo "1978"]
[BlackElo "1919"]

1. e4 e5 2. Nf3 Nf6 3. Nxe5 Nc6 4. Nxc6 dxc6 5. d3 Bc5 6. Be2 Qd4 7. O-O Be6 8.
c3 Qd7 9. d4 Bb6 10. e5 Nd5 11. f4 O-O 12. a3 f6 13. c4 Ne7 14. c5 fxe5 15. cxb6
axb6 16. dxe5 Qe8 17. Nc3 Nf5 18. g4 Nh6 19. f5 Nxf5 20. gxf5 Rxf5 21. Bf4 Qg6+
22. Kh1 Raf8 23. Qd2 Qe8 24. Bg5 c5 25. Rxf5 Rxf5 26. Qd8 Qxd8 27. Bxd8 Rxe5 28.
Bxc7 b5 29. Bxe5 b4 30. axb4 cxb4 31. Nb5 h6 32. Nd6 Bd5+ 33. Kg1 1-0

[Event "AUTO-ADV-1742"]
[Site "http://www.queenalice.com/game.php?id=819274"]
[Date "2010.8.16"]
[Round "2"]
[White "GileCAR"]
[Black "Bernhardur"]
[Result "0-1"]
[WhiteElo "2016"]
[BlackElo "2265"]

1. e4 c5 2. Nf3 d6 3. d4 cxd4 4. Nxd4 Nc6 5. Nc3 Nf6 6. Bc4 e6 7. O-O Be7 8. Bb3
O-O 9. Be3 a6 10. f4 Nxd4 11. Bxd4 b5 12. Qd3 Bb7 13. a3 Qc7 0-1

[Event "AUTO-ADV-1742"]
[Site "http://www.queenalice.com/game.php?id=819275"]
[Date "2010.8.16"]
[Round "2"]
[White "Bernhardur"]
[Black "GileCAR"]
[Result "1-0"]
[WhiteElo "2260"]
[BlackElo "2022"]

1. d4 d5 2. c4 c6 3. Nf3 Nf6 4. e3 e6 5. Nc3 Nbd7 6. Bd3 dxc4 7. Bxc4 b5 8. Bd3
a6 9. O-O c5 10. dxc5 Bxc5 11. a3 Bb7 12. b4 Ba7 13. Bc2 Qc7 14. Bb2 Rd8 15. Qe2
1-0

[Event "AUTO-OPEN-1957"]
[Site "http://www.queenalice.com/game.php?id=847836"]
[Date "2010.10.19"]
[Round "2"]
[White "DORLISS"]
[Black "GileCAR"]
[Result "0-1"]
[WhiteElo "1792"]
[BlackElo "1974"]

1. e4 c5 2. Nf3 g6 3. d4 cxd4 4. Nxd4 Bg7 5. Nc3 Nc6 6. Be3 Nf6 7. f3 O-O 8. Bc4
Qb6 9. Qd2 Nxe4 10. Ne6 Nxd2 11. Bxb6 Nxc4 12. Nxf8 Nxb6 13. Nxg6 hxg6 14. O-O-O
d6 15. h4 Be6 16. g4 Ne5 17. Rdf1 Rc8 18. g5 Nd5 19. Ne4 Ne3 20. Rf2 Nd3+ 21.
Kb1 Nxf2 22. Rh2 Nxe4 23. fxe4 Nxc2 24. Rxc2 Bxa2+ 25. Kc1 Rxc2+ 26. Kxc2 Be6
27. b4 b5 28. Kd3 Kf8 29. Ke3 Bc3 0-1

[Event "AUTO-OPEN-1957"]
[Site "http://www.queenalice.com/game.php?id=847837"]
[Date "2010.10.19"]
[Round "2"]
[White "GileCAR"]
[Black "DORLISS"]
[Result "0-1"]
[WhiteElo "1983"]
[BlackElo "1888"]

1. e4 e5 2. Nf3 Nc6 3. Bb5 Nf6 4. O-O d6 5. d4 a6 6. Bxc6+ bxc6 7. dxe5 Nxe4 8.
Nbd2 Nxd2 9. Bxd2 Be7 10. Bc3 O-O 11. Re1 Be6 12. Qd2 d5 13. Rad1 c5 14. b3 d4
15. Bb2 Qd7 16. c3 Rfd8 17. cxd4 cxd4 18. Qxd4 Qc6 19. Qc3 Qb6 20. h3 Bc5 21.
Qc2 h6 22. Rc1 Rd5 23. Rf1 Rad8 0-1

[Event "AUTO-OPEN-1957"]
[Site "http://www.queenalice.com/game.php?id=847844"]
[Date "2010.10.19"]
[Round "2"]
[White "Econochess"]
[Black "GileCAR"]
[Result "1/2-1/2"]
[WhiteElo "1981"]
[BlackElo "1974"]

1. d4 Nf6 2. c4 g6 3. Nc3 d5 4. cxd5 Nxd5 5. e4 Nxc3 6. bxc3 c5 7. Bb5+ Bd7 8.
Bxd7+ Nxd7 9. Ne2 Bg7 10. O-O O-O 11. Be3 cxd4 12. cxd4 Qa5 13. Qb3 Nb6 14. Rac1
Rfc8 15. Rfd1 e6 16. d5 Rxc1 17. Rxc1 exd5 18. exd5 Qxd5 19. Bxb6 Qxb3 20. axb3
axb6 21. g3 Bf6 1/2-1/2

[Event "AUTO-OPEN-1957"]
[Site "http://www.queenalice.com/game.php?id=847845"]
[Date "2010.10.19"]
[Round "2"]
[White "GileCAR"]
[Black "Econochess"]
[Result "0-1"]
[WhiteElo "1992"]
[BlackElo "1952"]

1. e4 c5 2. Nf3 g6 3. d4 cxd4 4. Nxd4 Nc6 5. Nxc6 bxc6 6. Qd4 f6 7. Bc4 Bg7 8.
O-O Nh6 9. Nc3 Bb7 10. h3 Qb6 11. Qd3 a5 12. Be3 Qc7 13. Rad1 d6 14. Be6 Bc8 15.
Qc4 Ba6 16. Qa4 Bxf1 17. Kxf1 Nf7 0-1